| 000 | 01141cam a22003373a 4500 | ||
|---|---|---|---|
| 001 | 3157 | ||
| 003 | FISKH | ||
| 005 | 20240214161125.0 | ||
| 008 | 981102s1998 nyua j 000 1 eng d | ||
| 010 | _a 99603966 | ||
| 020 | _a0590691252 (pbk.) : | ||
| 020 | _a9780439040983 | ||
| 035 | _a(OCoLC)ocm40214408 | ||
| 040 |
_aEOW _cEOW _dSLC _dDLC _beng |
||
| 050 | _aPZ7.P915 | ||
| 082 | _a413 | ||
| 100 | 1 | _aPreller, James. | |
| 245 | 1 | 4 |
_aThe case of Hermie the missing hamster / _cby James Preller ; illustrated by R.W. Alley. |
| 260 |
_aNew York : _bScholastic, _c1998. |
||
| 300 |
_a76 pages : _billustrations ; _c20 cm. |
||
| 490 | 1 |
_aJigsaw Jones mystery ; _vBook 1 |
|
| 505 | _aN | ||
| 520 | _aThe clever, puzzle-crazy Jigsaw Jones utilizes his top-secret detective journal and enlists the help of his ace partner, Mila, to track down a missing hamster. | ||
| 521 | 8 |
_a560
_bLexile |
|
| 521 | 8 |
_aN
_bRaz-Plus |
|
| 650 |
_aHamsters _vFiction _xMystery |
||
| 655 | 7 |
_aMystery fiction. _2gsafd |
|
| 700 |
_aAlley, R.W. _eillustrator |
||
| 906 |
_a7 _bcbc _ccopycat _d2 _encip _f19 _gy-genrareb |
||
| 942 |
_2ddc _cBK _n0 |
||
| 999 |
_c3157 _d3157 |
||